000 00321 a2200157 4500
001 73070
020 _a8526224476
040 _cAnchieta - Colégio São Paulo
240 1 0 _aMatemática
_lpor
245 1 0 _aMatemática
300 _a294
362 0 _a1995
440 1 _aScipione
650 4 _aMatemática
942 _cBK
999 _c73070
_d73070